| 000 | 00730 a2200205 4500 | ||
|---|---|---|---|
| 020 | _a0849370361 | ||
| 020 | _a9780849370366 | ||
| 040 |
_aDLC _bDLC |
||
| 082 | _a681.2 | ||
| 245 | 0 | 0 |
_aSensor network protocols _cMohammad Ilyas, Imad Mahgoub. |
| 246 | 3 | _aSensor network protocols [electronic resource] | |
| 260 |
_aBoca Raton, FL : _bTalor & Francis, _c2006. |
||
| 300 |
_a1 v. (various pagings) : _bill. ; _c26 cm. |
||
| 650 | 0 | _aSensor networks. | |
| 650 | 0 | _aComputer network protocols. | |
| 700 | 1 |
_aIlyas, Mohammad, _d1953- |
|
| 700 | 1 | _aMahgoub, Imad. | |
| 856 | 4 | 1 | _uhttp://libproxy1.nus.edu.sg/login?url=http://www.telecommunicationsnetbase.com.libproxy1.nus.edu.sg/books/4443/7036_fm.pdf |
| 942 |
_cBK _k 681.2 MAH _2ddc |
||
| 999 |
_c8725 _d8725 |
||